000 00306nam a2200121 a 4500
001 000043663
005 20201002044915.0
008 140402s1971 000 spa d
100 _aFeijoo, Benito J.
_971494
245 0 _aTeatro critico.
260 _aMadrid -- Libra,
_c1971 -- 188 p.
999 _c43152
_d43152
040 _aDO-SdBNP